Detalles MARC
| 000 -CABECERA |
| campo de control de longitud fija |
00926nam a22002531 4500 |
| 001 - NÚMERO DE CONTROL |
| campo de control |
000011053 |
| 005 - FECHA Y HORA DE LA ÚLTIMA TRANSACCIÓN |
| campo de control |
20200929162340.0 |
| 008 - DATOS DE LONGITUD FIJA--INFORMACIÓN GENERAL |
| campo de control de longitud fija |
850812s1970 pr af b 000 0 spa |
| 010 ## - NÚMERO DE CONTROL DE LA BIBLIOTECA DEL CONGRESO |
| Número de control de LC |
71542448 |
| 025 ## - NÚMERO DE ADQUISICIÓN EXTRANJERO |
| Número de adquisición extranjero |
LACAP70-4741 |
| 040 ## - FUENTE DE LA CATALOGACIÓN |
| Centro catalogador/agencia de origen |
DO-SdBNP |
| Centro/agencia transcriptor |
ICU |
| Centro/agencia modificador |
DLC |
| 043 ## - CÓDIGO DE ÁREA GEOGRÁFICA |
| Código de área geográfica |
nwpr--- |
| 050 00 - SIGNATURA TOPOGRÁFICA DE LA BIBLIOTECA DEL CONGRESO |
| Número de clasificación |
QL688.P6 |
| Número de documento/Ítem |
B5 |
| 100 1# - ENTRADA PRINCIPAL--NOMBRE DE PERSONA |
| Nombre de persona |
Biaggi, Virgilio. |
| 9 (RLIN) |
26522 |
| 245 14 - MENCIÓN DE TÍTULO |
| Título |
Las aves de Puerto Rico. / |
| Mención de responsabilidad, etc. |
Illus. por: Lucila Madruga de Piferrer [y] Christine Boyce. |
| 260 ## - PUBLICACIÓN, DISTRIBUCIÓN, ETC. |
| Lugar de publicación, distribución, etc. |
[Rio Piedras] : |
| Nombre del editor, distribuidor, etc. |
Editorial Universitaria, Universidad de Puerto Rico, |
| Fecha de publicación, distribución, etc. |
1970. |
| 300 ## - DESCRIPCIÓN FÍSICA |
| Extensión |
xii, 371 p. : |
| Otras características físicas |
illus., col. plates. ; |
| Dimensiones |
25 cm. |
| 500 ## - NOTA GENERAL |
| Nota general |
Captions for illustrations and plates in Spanish, English, and Latin. |
| 504 ## - NOTA DE BIBLIOGRAFÍA, ETC. |
| Nota de bibliografía, etc. |
Bibliography: p. 339-349. |
| 650 #0 - PUNTO DE ACCESO ADICIONAL DE MATERIA--TÉRMINO DE MATERIA |
| Término de materia o nombre geográfico como elemento de entrada |
Birds |
| Subdivisión geográfica |
Puerto Rico. |
| 9 (RLIN) |
26523 |
| 700 2# - PUNTO DE ACCESO ADICIONAL--NOMBRE DE PERSONA |
| Nombre de persona |
Madruga de Piferrer, Lucila, |
| Término indicativo de función/relación |
illus. |
| 9 (RLIN) |
26524 |
| 700 1# - PUNTO DE ACCESO ADICIONAL--NOMBRE DE PERSONA |
| Nombre de persona |
Boyce, Christine, |
| Término indicativo de función/relación |
illus. |
| 9 (RLIN) |
26525 |
| 910 ## - DATOS DE OPCIÓN DEL USUARIO (OCLC) |
| Datos de opción del usuario |
Catalogación por copia / LC |